PHARMACEUTICAL ANALYSIS, VOL. -I (Record no. 7208)

MARC details
000 -LEADER
fixed length control field 00255nam a2200121Ia 4500
082 ## - DEWEY DECIMAL CLASSIFICATION NUMBER
Classification number 615.1
Item number P10K
100 ## - MAIN ENTRY--PERSONAL NAME
Personal name KAR, ASHUTOSH
245 ## - TITLE STATEMENT
Title PHARMACEUTICAL ANALYSIS, VOL. -I
260 ## - PUBLICATION, DISTRIBUTION, ETC. (IMPRINT)
Name of publisher, distributor, etc CBS- DELHI
300 ## - PAGE DESCRIPTION
No. of Pages 212
650 ## - SUBJECT ADDED ENTRY--TOPICAL TERM
Topical term or geographic name as entry element ANATOMY
942 ## - ADDED ENTRY ELEMENTS (KOHA)
Source of classification or shelving scheme Dewey Decimal Classification
Koha item type Books
Holdings
Withdrawn status Lost status Source of classification or shelving scheme Damaged status Not for loan Collection code Home library Current library Date acquired Vendor Name Cost, normal purchase price SGTU Bill Number Total Checkouts Full call number Accession No. (Barcode) Date last seen Date last borrowed Bill Date Koha item type
    Dewey Decimal Classification     PHARMACY SGT FA-FP Library SGT FA-FP Library 02/07/2015 ABC DELHI 260.00 SGTU 5118 18 615.1 P10K FP706 17/01/2020 03/12/2019 12/02/2014 Books